Sports Quiz

Random Sports or NFL Quiz

NFL 5 Worst QBs per Season Quiz Stats

 Plays Quiz Updated Jan 2, 2019

Challenge
Share
Tweet
Embed
Score 0/95 Timer 08:00
4 Plays Today
% Correct
Eli Manning
90.5%
Peyton Manning
89.7%
Geno Smith
87.3%
Mark Sanchez
86%
Mark Sanchez
86%
Geno Smith
84.7%
Blake Bortles
84.6%
Mark Sanchez
84.2%
Cam Newton
83.5%
Andrew Luck
82.3%
Joe Flacco
81.9%
Blake Bortles
81.3%
Blake Bortles
80.7%
Josh Rosen
80.3%
Derek Carr
78.2%
Josh Allen
78.2%
Sam Darnold
77.1%
Colin Kaepernick
74.2%
Case Keenum
73.9%
Sam Bradford
73.3%
Ryan Fitzpatrick
72.8%
Akili Smith
72.1%
Brett Favre
71.8%
Brett Favre
71.8%
JaMarcus Russell
71.2%
Blaine Gabbert
70%
DeShone Kizer
69.5%
Matt Hasselbeck
66.5%
Matt Hasselbeck
66.5%
Matt Cassel
66.3%
Matt Schaub
66.2%
Brock Osweiler
66%
% Correct
Christian Ponder
65%
Jake Delhomme
64.7%
Mitchell Trubisky
62.7%
Matthew Stafford
62.4%
David Carr
60.6%
David Carr
60.6%
Josh Freeman
59.4%
Jake Locker
59.2%
Chad Henne
58.6%
Brandon Weeden
57.1%
Brett Hundley
55.6%
Rex Grossman
55.2%
Josh McCown
54.5%
Case Keenum
54.1%
Marc Bulger
52.8%
Marc Bulger
52.8%
Derek Anderson
52.7%
Derek Anderson
52.7%
Nick Foles
51.8%
Curtis Painter
51.2%
Jon Kitna
50.7%
Drew Brees
50.1%
Brian Hoyer
49.5%
Doug Johnson
49.3%
John Skelton
48.3%
Kyle Orton
47.9%
Trevor Siemian
47.6%
Joey Harrington
45.7%
Joey Harrington
45.7%
Joey Harrington
45.7%
Trent Green
45.2%
Brandon Weeden
44%
% Correct
Vince Young
43.9%
Ryan Fitzpatrick
42.1%
Jake Plummer
42.1%
Jake Plummer
42.1%
Jake Plummer
42.1%
Jimmy Clausen
40.9%
Aaron Brooks
40.1%
Kyle Boller
37.4%
Kyle Boller
37.4%
Terrelle Pryor
36.7%
JP Losman
35.9%
C.J. Beathard
35%
Ryan Leaf
33.3%
Trent Edwards
28.6%
Troy Aikman
24.8%
Josh McCown
24.7%
Elvis Grbac
24.2%
Mark Brunell
22.8%
Dan Orlovsky
20.7%
Chris Weinke
19.9%
Kellen Clemens
18.7%
Gus Frerotte
18.5%
Bruce Gradkowski
17.7%
Charlie Batch
14.7%
Patrick Ramsey
14.6%
Brodie Croyle
14.3%
AJ Feeley
13.1%
Andrew Walter
11.1%
Chad Hutchinson
11%
Anthony Wright
7.6%
Ken Dorsey
5.8%

You're not logged in!

Compare scores with friends on all Sporcle quizzes.
OR
Log In

You Might Also Like...

Show Comments

Extras

Top Quizzes Today


Score Distribution

Your Account Isn't Verified!

In order to create a playlist on Sporcle, you need to verify the email address you used during registration. Go to your Sporcle Settings to finish the process.

Report this User

Report this user for behavior that violates our Community Guidelines.

Details: